Business communication: Theory and applications (Record no. 166097)

MARC details
000 -LEADER
fixed length control field 00437nam a2200157Ia 4500
008 - FIXED-LENGTH DATA ELEMENTS--GENERAL INFORMATION
fixed length control field 231217s9999 xx 000 0 und d
041 ## - LANGUAGE CODE
Language code of text/sound track or separate title English
082 ## - DEWEY DECIMAL CLASSIFICATION NUMBER
Classification number 651.4 LES `R'
100 ## - MAIN ENTRY--PERSONAL NAME
Personal name Lesikar, Raymond V Pettit, John D
245 #0 - TITLE STATEMENT
Title Business communication: Theory and applications
250 ## - EDITION STATEMENT
Edition statement 6th ed.
260 ## - PUBLICATION, DISTRIBUTION, ETC.
Date of publication, distribution, etc. 1996
Name of publisher, distributor, etc. Illinois : Richard D Irwin,
300 ## - PHYSICAL DESCRIPTION
Extent xiv+754
650 ## - SUBJECT ADDED ENTRY--TOPICAL TERM
Topical term or geographic name entry element Business communication
942 ## - ADDED ENTRY ELEMENTS (KOHA)
Koha item type Books
Holdings
Date last seen Total checkouts Full call number Accession number Cost, total (INR) price Price effective from Category Lost status Damaged status Department Withdrawn status Home library Current library Entry date Vendor Cost, normal purchase price Grants Billnumber Billdate Currency symbol Conversion rate Discount Old discount
26/01/2024   651.4 LES `R' 12330 212.50 26/01/2024 Books     Central Library   Central Library Central Library 24/12/1998 Vinayaka 250.00 MBA 1038 28/06/2001 RS 1 37.5 15
26/01/2024   651.4 LES;1 12331 212.50 26/01/2024 Books     Central Library   Central Library Central Library 24/12/1998 Vinayaka 250.00 MBA 1038 28/06/2001 RS 1 37.5 15
26/01/2024   651.4 LES;2 12332 212.50 26/01/2024 Books     Central Library   Central Library Central Library 24/12/1998 Vinayaka 250.00 MBA 1038 28/06/2001 RS 1 37.5 15
26/01/2024   651.4 LES;3 12333 212.50 26/01/2024 Books     Central Library   Central Library Central Library 24/12/1998 Vinayaka 250.00 MBA 1038 28/06/2001 RS 1 37.5 15
26/01/2024   651.4 LES;4 12334 212.50 26/01/2024 Books     Central Library   Central Library Central Library 24/12/1998 Vinayaka 250.00 MBA 1038 28/06/2001 RS 1 37.5 15
26/01/2024   651.4 LES;5 12335 212.50 26/01/2024 Books     Central Library   Central Library Central Library 24/12/1998 Vinayaka 250.00 MBA 1038 28/06/2001 RS 1 37.5 15

© For any Suggestions or Query, please contact the library staff @ librarian@pes.edu or Phone: +9180 2672 1983/ 2108.